| 000 | 004970000a22001210004500 | ||
|---|---|---|---|
| 100 | 1 | _aMerino, Alfredo. | |
| 245 | 1 | 0 | _aCaprichos de la naturaleza. |
| 300 | _aVol.17, no.193 (2000),p. 66-72 | ||
| 520 | _aSólo son el resultado de los procesos geológicos y de la acción de los elementos, pero sus formas poseen un fuerte poder evocador.El viento es un poderoso escultor que crea las formas más fantásticas. | ||
| 650 | 1 | 4 | _aGEOLOGIA-NATURALEZA |
| 773 | 0 | _tRevista muy interesante | |
| 942 | _cANA | ||
| 999 |
_c63227 _d63227 |
||